LEADER 00513nam0 22001931i 450 001 UON00192590 005 20231205103221.293 100 $a20030730f |0itac50 ba 101 $aeng 102 $aGB 105 $a|||| ||||| 200 1 $a J. Swift$fDavis$gJ. Swift 210 $aprestito Prof. Ferrara) 700 1$aDAVIS$bHerbert$3UONV113601$0559796 701 1$aSWIFT$bJonathan$3UONV008283$0154535 801 $aIT$bSOL$c20240220$gRICA 912 $aUON00192590 996 $aJ. Swift$93897638 997 $aUNIOR